LIBRARY & INFORMATION CENTRE, KCAET, TAVANUR

ONLINE PUBLIC ACCESS CATALOGUE (OPAC)

Poornakumbham / (Record no. 3979)

MARC details
000 -LEADER
fixed length control field 00338cam a2200145ua 4500
041 ## - LANGUAGE CODE
Language code of text/sound track or separate title mal
082 ## - DEWEY DECIMAL CLASSIFICATION NUMBER
Classification number 894.8121
Item number RAM/PO
100 ## - MAIN ENTRY--AUTHOR NAME
Personal name Raman Menon, Kunnatheri .
245 ## - TITLE STATEMENT
Title Poornakumbham /
250 ## - EDITION STATEMENT
Edition statement 1 /
300 ## - PHYSICAL DESCRIPTION
Number of Pages 53 ; .
942 ## - ADDED ENTRY ELEMENTS (KOHA)
Koha item type Books
Holdings
Withdrawn status Lost status Damaged status Home library Current library Date acquired Full call number Accession Number Koha item type
Withdrawn     KAUAET Sanskrit University 07/04/2012 894.8121 1051 Books
free website counter